Science Quiz

Random Science or Clickable Quiz

Mesmerizing Math Maze Quiz Stats

 Plays Quiz Updated Apr 20, 2012

Support Sporcle.
Go Orange.
Score 0/40 Timer 03:00
9 Plays Today
% Correct
???
99.9%
???
98.1%
???
93.5%
???
93%
???
92.4%
???
88.9%
???
78.8%
???
71.6%
???
68.8%
???
63.6%
???
60.4%
???
59.7%
???
59.6%
???
59%
???
58.5%
???
58%
???
56.9%
???
55.2%
???
54.5%
???
54%
% Correct
???
47.3%
???
47.2%
???
47.1%
???
46.2%
???
46.1%
???
45.9%
???
45.8%
???
45.4%
???
45%
???
43.4%
???
42.7%
???
41.9%
???
41.7%
???
40.1%
???
39.9%
???
36%
???
35.8%
???
34.9%
???
34%
???
33.5%

From the Vault

Best 'Of' Literature

by Dumbledore999

Of is a many splendored thing.
Remove Ads.
Support Sporcle.
Get the best of Sporcle when you Go Orange. This ad-free experience offers more features, more stats, and more fun while also helping to support Sporcle. Thank you for becoming a member.

Show Comments

Extras

Top Quizzes Today


Score Distribution

Your Account Isn't Verified!

In order to create a playlist on Sporcle, you need to verify the email address you used during registration. Go to your Sporcle Settings to finish the process.

Report this User

Report this user for behavior that violates our Community Guidelines.

Details: